Volk unter Völkern (Record no. 141539)

MARC details
000 -LEADER
campo de control de longitud fija 00562nam a2200181 i 4500
001 - NÚMERO DE CONTROL
campo de control 141539
003 - IDENTIFICADOR DE NÚMERO DE CONTROL
campo de control ES-MaACL
005 - FECHA Y HORA DE LA ÚLTIMA TRANSACCIÓN
campo de control 20230906200320.0
007 - CAMPO FIJO DE DESCRIPCIÓN FÍSICA--INFORMACIÓN GENERAL
campo de control de longitud fija t|
008 - DATOS DE LONGITUD FIJA--INFORMACIÓN GENERAL
campo de control de longitud fija 070925s1925 gw ||||1| ger d
245 00 - MENCIÓN DEL TÍTULO
Título Volk unter Völkern
Resto del título : Bücher des Deutschtums /
Mención de responsabilidad, etc. herausgegeben von K. C. Loesch ; in zusammenarbeit mit Hillen Ziegfeld.
260 ## - PUBLICACIÓN, DISTRIBUCIÓN, ETC.
Lugar de publicación, distribución, etc. Breslau :
Nombre del editor, distribuidor, etc. Ferdinad Hirt,
Fecha de publicación, distribución, etc. 1925.
300 ## - DESCRIPCIÓN FÍSICA
Extensión 1 v. ;
Dimensiones 27 cm.
500 ## - NOTA GENERAL
Nota general Es el vol. 1º.
700 1# - ENTRADA AGREGADA--NOMBRE PERSONAL
Nombre de persona Loesch, K. C.
9 (RLIN) 73102
700 1# - ENTRADA AGREGADA--NOMBRE PERSONAL
Nombre de persona Ziegfeld, Hillen A.
9 (RLIN) 118231
852 ## - LOCALIZACIÓN
Ubicación ES-MaACL
Número de control de estantería G-715
Holdings
Estatus retirado Estado de pérdida Estado de daño No para préstamo Biblioteca de origen Biblioteca actual Ubicación en estantería Fecha de adquisición Fuente de adquisición Total de préstamos Signatura topográfica completa Código de barras Visto por última vez Precio de reemplazo Tipo de ítem Koha
        Biblioteca del Ateneo de Madrid Biblioteca del Ateneo de Madrid Depósito 2 17/01/2008     G-715 1147275 23/02/2023 23/02/2023 Libro impreso